000 00294nam a22001217a 4500
040 _cHS
082 _a333
100 _aW.E RICKER
245 _aComputation and interpretation of biological statistics of fish populations
260 _aCanada
_bW.E RICKER
_c1975
300 _a382p.
942 _cEK
999 _c8828
_d8828